[Event "38th TCh-GRE DivA"]
[Site "Peristeri GRE"]
[Date "2010.07.08"]
[Round "4"]
[White "Bellos,I"]
[Black "Kazakos,E"]
[Result "0-1"]
[WhiteElo "1859"]
[BlackElo "2054"]

1.e4 c5 2.Nf3 e6 3.d4 cxd4 4.Nxd4 a6 5.Nc3 Qc7 6.Bd3 Nf6 7.O-O b5 8.Qe2 d6
9.f4 Nbd7 10.Kh1 Bb7 11.Bd2 Be7 12.b4 Nb6 13.a4 bxa4 14.Nxa4 O-O 15.Nc3 Qc8
16.Rf3 Nfd7 17.Rh3 g6 18.Nf3 Bf6 19.Ra3 Rd8 20.f5 Re8 21.fxg6 fxg6 22.Rg3 Ne5
23.Nxe5 Bxe5 24.Rg4 Rf8 25.h4 Kh8 26.Nd1 Rf7 27.Bc3 Nd7 28.Bc4 Qf8 29.Ne3 Bxc3
30.Rxc3 Ne5 31.Rg3 Rf2 32.Qe1 Qf4 33.Rh3 Bxe4 34.Kg1 Rf8 35.Bxa6 Ng4 36.Nxg4 Rxg2+
37.Kh1 Re2+  0-1

[Event "3rd Open"]
[Site "Paracin SRB"]
[Date "2010.07.09"]
[Round "1"]
[White "Djuretanovic,I"]
[Black "Simantsev,M"]
[Result "0-1"]
[WhiteElo "2140"]
[BlackElo "2539"]

1.e4 c5 2.Nf3 e6 3.d4 cxd4 4.Nxd4 a6 5.Nc3 b5 6.Bd3 Qb6 7.Be3 Bc5 8.Nce2 Nc6
9.c3 b4 10.O-O Nf6 11.h3 Bb7 12.Rc1 O-O 13.Bb1 bxc3 14.Rxc3 Nxd4 15.Nxd4 Nxe4
16.Bxe4 Bxe4 17.Rxc5 Qxc5 18.Nxe6 Qc6 19.Nf4 Rfe8 20.Qg4 Bg6 21.Rd1 Qa4 22.a3 Bf5
23.Qf3 Qb3 24.Rd2 Rac8 25.Qg3 Rc1+ 26.Kh2 Rd1 27.Rxd1 Qxd1 28.Qg5 Bg6 29.Qc5 Qc2
30.Qd4 Qc7 31.g3 Be4 32.Nh5 f6 33.Nf4 Qc6 34.Qc5 Qxc5 35.Bxc5 Rc8 36.b4 Rc6
37.g4 d6 38.Be3 Rc3 39.a4 Rb3 40.b5 axb5 41.axb5 Rxb5 42.Kg3 Rb1 43.f3 Rb3
44.Kf2 Rb2+ 45.Kg3 Bb7 46.h4 Kf7 47.g5 Ra2 48.Nh3 Ke6 49.h5 Ra3 50.Kf2 Kf5
51.gxf6 gxf6 52.Nf4 Ra2+ 53.Kg3 Bc6 54.h6 d5 55.Nh5 d4 56.Bxd4 Ra3 57.Nxf6 Rxf3+
58.Kh2 Rd3 59.Ba1 Rd1 60.Bc3 Kf4 61.Nh5+ Kg4 62.Ng3 Rc1 63.Be5 Rc2+  0-1

[Event "38th TCh-GRE DivA"]
[Site "Peristeri GRE"]
[Date "2010.07.09"]
[Round "5"]
[White "Pavlidis,Ana"]
[Black "Tsarouhas,K"]
[Result "1-0"]
[WhiteElo "2359"]
[BlackElo "2205"]

1.e4 c5 2.Nf3 e6 3.d4 cxd4 4.Nxd4 a6 5.Nc3 Qc7 6.Be2 Nf6 7.O-O d6 8.a4 Nc6
9.Be3 Be7 10.f4 O-O 11.Kh1 Re8 12.Bf3 Rb8 13.g4 Nxd4 14.Bxd4 e5 15.fxe5 dxe5
16.Ba7 Ra8 17.g5 Rd8 18.Qe2 Ne8 19.Be3 Be6 20.Qf2 Rd7 21.Nd5 Bxd5 22.exd5 f5
23.gxf6 Nxf6 24.Qg2 Re8 25.a5 e4 26.Bxe4 Qe5 27.Ra4 Bf8 28.Bf4 Qxb2 29.Bd3 Qc3
30.Bd2 Qe5 31.Rf5 Qb2 32.Raf4 Kh8 33.Qh3 Red8 34.Be4 Bc5 35.Rh4 Kg8 36.Bc3 Qc1+
37.Rf1 Nxe4 38.Qe6+ Kh8 39.Rxc1 Nxc3 40.Qf5 h6 41.Qe5  1-0

[Event "9th Open"]
[Site "La Fere FRA"]
[Date "2010.07.10"]
[Round "9"]
[White "Durot,E"]
[Black "Delias,G"]
[Result "0-1"]
[WhiteElo "1721"]
[BlackElo "1512"]

1.e4 c5 2.Nf3 e6 3.d4 cxd4 4.Nxd4 a6 5.Nc3 Qc7 6.Be2 Nf6 7.a3 Nc6 8.Nxc6 bxc6
9.O-O d5 10.Bf3 Bb7 11.Be3 Bd6 12.h3 O-O 13.Re1 Rfd8 14.exd5 cxd5 15.Kh1 Rac8
16.Rc1 d4 17.Qxd4 Bxf3 18.gxf3 Bxa3 19.Qb6 Bxb2 20.Qxc7 Rxc7 21.Bb6 Bxc1
22.Bxc7 Rc8 23.Ba5 Bd2 24.Rd1 Bxc3 25.Bxc3 Nd5 26.Bd4 Rxc2 27.Rb1 Rc8 28.Rb7 Ra8
29.Kg1 h6 30.Kf1 a5 31.h4 a4 32.Ke1 a3 33.Ra7 Rxa7 34.Bxa7 e5  0-1

[Event "ch-Paris Int"]
[Site "Paris FRA"]
[Date "2010.07.10"]
[Round "8"]
[White "Sochacki,C"]
[Black "David,Alb"]
[Result "0-1"]
[WhiteElo "2365"]
[BlackElo "2622"]

1.e4 c5 2.Nf3 e6 3.d4 cxd4 4.Nxd4 a6 5.Nc3 Qc7 6.Be2 Nf6 7.O-O d6 8.f4 Nc6
9.Be3 Be7 10.Qe1 O-O 11.Qg3 Nxd4 12.Bxd4 b5 13.a3 Bb7 14.Rae1 Rad8 15.Bf3 Rd7
16.Rf2 g6 17.Rd2 Qd8 18.Red1 Ne8 19.f5 Bg5 20.fxe6 fxe6 21.Bg4 Re7 22.Be3 Bxe3+
23.Qxe3 Qc7 24.h4 Nf6 25.Bf3 Rd7 26.Kh1 e5 27.Rd3 Qd8 28.g3 Kg7 29.Kg2 Re8
30.Kg1 Ba8 31.R3d2 Qb8 32.Kh1 a5 33.g4 Rf8 34.h5 b4 35.axb4 axb4 36.Ne2 Bxe4
37.Ng3 Bxf3+ 38.Qxf3 Qd8 39.Rh2 Ng8 40.Qe3 Rf4 41.g5 Qa8+ 42.Rg2 Qc6 43.Kg1 Ne7
44.Rgd2 Rf3 45.Qe1 Nf5 46.h6+ Kf8 47.Nxf5 Rxf5 48.Qe3 Qc4 49.Ra1 Qf4 50.Ra8+ Ke7
51.Qxf4 Rxf4 52.Rf2 Rg4+ 53.Rg2 Rxg2+ 54.Kxg2 Ke6 55.Rg8 Rc7 56.c3 bxc3 57.bxc3 Rxc3
58.Rg7 Kf5 59.Rxh7 Kxg5 60.Rh8 Rd3 61.Kh2 Rf3 62.Kg2 Rf6 63.Kh3 Kh5 64.Kg3 g5
65.h7 Kg6 66.Kg4 Rf4+ 67.Kg3 Rd4 68.Rg8+ Kxh7 69.Rxg5 Rf4 70.Kg2 Rf6 71.Rh5+ Kg6
72.Rh3 Kf7  0-1

[Event "38th TCh-GRE DivA"]
[Site "Peristeri GRE"]
[Date "2010.07.10"]
[Round "6"]
[White "Kofidis,A"]
[Black "Zygouris,H"]
[Result "1-0"]
[WhiteElo "2402"]
[BlackElo "2252"]

1.e4 c5 2.Nf3 e6 3.d4 cxd4 4.Nxd4 a6 5.Nc3 Qc7 6.a3 b5 7.g3 Bb7 8.Bg2 Nc6
9.O-O Nf6 10.Re1 Nxd4 11.Qxd4 Bc5 12.Qd1 h5 13.Bf4 Qb6 14.Qe2 Ng4 15.Rf1 Bd4
16.Nd1 Qc6 17.c3 Bf6 18.Ne3 Ne5 19.h4 Qc5 20.Rad1 d6 21.Rfe1 Be7 22.Nc2 Rc8
23.Nd4 Ba8 24.Nf3 Ng6 25.Bg5 Bxg5 26.Nxg5 Ne5 27.Rd4 Ke7 28.Red1 Rcd8 29.Nf3 Ng4
30.Nh2 Ne5 31.Kh1 g5 32.hxg5 h4 33.Qe3 hxg3 34.Qxg3 Ng6 35.f4 Rxh2+ 36.Kxh2 Rh8+
37.Bh3 e5 38.fxe5 Qxe5 39.Qxe5+ Nxe5 40.Kg3 Rh5 41.Bf5 Rxg5+ 42.Kf4 Rg2 43.Rxd6 f6
44.Rxa6 Bc6 45.Ra7+ Ke8 46.Rd6 Rf2+ 47.Kg3 Rf3+ 48.Kh2 Rf2+ 49.Kg1 Rxb2 50.Rxc6  1-0

[Event "1st Open"]
[Site "Vaujany FRA"]
[Date "2010.07.11"]
[Round "2"]
[White "Valuet,B"]
[Black "Horvath,Jo1"]
[Result "1/2-1/2"]
[WhiteElo "2321"]
[BlackElo "2552"]

1.e4 c5 2.Nf3 e6 3.d4 cxd4 4.Nxd4 a6 5.Nc3 Qc7 6.Qf3 Nf6 7.Bf4 e5 8.Bg3 Bb4
9.O-O-O d6 10.Nde2 Be6 11.Bh4 Nbd7 12.Nd5 Bxd5 13.exd5 Qc4 14.Bxf6 Nxf6 15.Kb1 Rc8
16.Nd4 Qc7 17.Qe2 Nxd5 18.Nb5 Qc5 19.c3 axb5 20.Qxb5+ Qxb5 21.Bxb5+ Ke7 22.Rxd5 Rc5
23.Rhd1 Rxd5 24.Rxd5 Bc5 25.f3 h5 26.h4 f5 27.f4 exf4 28.Rxf5 Rf8 29.Rxh5 f3
30.gxf3 Rxf3 31.Rh8 Rf8 32.Rxf8 Kxf8 33.h5 Ke7 34.Kc2 Be3 35.Kd3 Bc1 36.b4 Kd8
37.a4 b6 38.Kd4 Ke7 39.Bd3 Bd2 40.Be4 Be1 41.Bd3  1/2-1/2

[Event "3rd Open"]
[Site "Paracin SRB"]
[Date "2010.07.12"]
[Round "4"]
[White "Zlatanovic,Z"]
[Black "Doric,N"]
[Result "0-1"]
[WhiteElo "2128"]
[BlackElo "2322"]

1.e4 c5 2.Nf3 e6 3.d4 cxd4 4.Nxd4 a6 5.Nc3 b5 6.g3 b4 7.Na4 Bb7 8.Bg2 Nf6
9.Qe2 Qa5 10.b3 Nc6 11.Bb2 Nxd4 12.Bxd4 e5 13.Bb6 Qb5 14.Qe3 Rc8 15.Bf1 Qc6
16.Bd3 Be7 17.f3 d5 18.Ba5 dxe4 19.fxe4 Nxe4 20.Rf1 O-O 21.Bc4 Bg5 22.Qb6 Bd2+
23.Kd1 Qd7 24.Bd3 Rc6 25.Qa7 Rd6  0-1

[Event "Int ch-SVK OpenA"]
[Site "Banska Stiavnica SVK"]
[Date "2010.07.13"]
[Round "4"]
[White "Talla,V"]
[Black "Priehoda,V"]
[Result "1/2-1/2"]
[WhiteElo "2476"]
[BlackElo "2380"]

1.e4 c5 2.Nf3 e6 3.d4 cxd4 4.Nxd4 a6 5.Nc3 Qc7 6.Bd3 Nf6 7.Qe2 d6 8.O-O g6
9.Nb3 Bg7 10.f4 O-O 11.f5 Nc6 12.Qf2 Ne5 13.Qh4 d5 14.fxe6 Qb6+ 15.Kh1 Qxe6
16.Bg5 Nxe4 17.Nxe4 dxe4 18.Bxe4 f5 19.Bf3 Nxf3 20.Rxf3 f4 21.Rxf4 Rxf4 22.Qxf4 Bxb2
23.Rd1 Bd7 24.Qd2 Bc6 25.Nd4 Bxd4  1/2-1/2

[Event "Int ch-SVK OpenA"]
[Site "Banska Stiavnica SVK"]
[Date "2010.07.14"]
[Round "5"]
[White "Kriebel,T"]
[Black "Luch,M"]
[Result "1-0"]
[WhiteElo "2320"]
[BlackElo "2387"]

1.e4 c5 2.Nf3 e6 3.d4 cxd4 4.Nxd4 a6 5.Nc3 Qc7 6.Bd3 Nc6 7.Nxc6 dxc6 8.O-O e5
9.f4 Nf6 10.Kh1 Bc5 11.Qf3 Ng4 12.f5 h5 13.Bg5 b5 14.a4 Bb7 15.Nd1 Be7 16.Bxe7 Qxe7
17.Qg3 O-O-O 18.Nf2 Nxf2+ 19.Qxf2 Rd4 20.f6 gxf6 21.Qxf6 Qxf6 22.Rxf6 bxa4
23.Kg1 c5 24.Bxa6 Bxa6 25.Rxa6 Rhd8 26.Rf1 R8d7 27.Rc6+ Kb7 28.Rxc5 Rxe4
29.h3 Re2 30.b4 h4 31.Rf2 Rxf2 32.Kxf2 Kb6 33.Rxe5 a3 34.c4 Ra7 35.Re1 a2
36.Ra1 Ra3 37.Ke1 f5 38.Kd1 f4 39.Kc1 Rc3+ 40.Kb2 Rxc4 41.Rxa2 Rxb4+ 42.Kc3 Re4
43.Kd3 Rb4 44.Rc2 Kb5 45.Rc8 Rb3+ 46.Ke4 Rg3 47.Rc2 Kb4 48.Kxf4 Kb3 49.Re2 Kc4
50.Re4+ Kd5 51.Re5+ Kd6 52.Rg5 Ra3 53.Kg4 Ra4+ 54.Kh5 Ke6 55.Rg4 Ra2 56.Kxh4 Kf5
57.Kg3 Ra3+ 58.Kh2 Ra2 59.Rb4 Ra3 60.h4 Rc3 61.g3 Ra3 62.Kh3 Ra1 63.Rb5+ Kg6
64.h5+ Kh6 65.Kh4 Rh1+ 66.Kg4 Ra1 67.Rb6+ Kg7 68.Kh4 Ra4+ 69.g4 Ra5 70.Rb7+ Kg8
71.Rb4 Kg7 72.g5 Ra1 73.Rb7+ Kg8 74.h6 Kh8 75.Kh5 Ra8 76.Rb5 Kg8 77.g6 Kf8
78.h7 Kg7 79.Rb7+  1-0

[Event "Open A"]
[Site "Oberwart AUT"]
[Date "2010.07.14"]
[Round "2"]
[White "Nussbaumer,Leon"]
[Black "Sandhoefner,F"]
[Result "0-1"]
[WhiteElo "1894"]
[BlackElo "2229"]

1.e4 c5 2.Nf3 e6 3.d4 cxd4 4.Nxd4 a6 5.Nc3 Qc7 6.Be3 Nf6 7.Bd3 Bc5 8.O-O d6
9.Qf3 O-O 10.Kh1 b5 11.Nde2 Bb7 12.a3 Nbd7 13.Qg3 Bxe3 14.Qxe3 d5 15.exd5 Nxd5
16.Nxd5 Bxd5 17.Nf4 Bb7 18.Rfe1 e5 19.Nh3 f5 20.f3 Rae8 21.c3 e4 22.fxe4 Bxe4
23.Bxe4 Rxe4 24.Qd3 Nf6 25.Ng5 Rd8 26.Qf3 Rxe1+ 27.Rxe1 g6 28.Rd1 Re8 29.h3 h6
30.h4 hxg5 31.hxg5 Ng4 32.Kg1 Qh2+  0-1

[Event "3rd Open"]
[Site "Paracin SRB"]
[Date "2010.07.14"]
[Round "7"]
[White "Nestorovic,L"]
[Black "Panic,Ne"]
[Result "1-0"]
[WhiteElo "2310"]
[BlackElo "2371"]

1.e4 c5 2.Nf3 e6 3.d4 cxd4 4.Nxd4 a6 5.Nc3 Qc7 6.Be2 Nf6 7.O-O Nc6 8.Be3 b5
9.Nxc6 dxc6 10.f4 e5 11.fxe5 Qxe5 12.Kh1 Be7 13.Bd4 Qe6 14.a4 b4 15.e5 Ng4
16.Rf4 bxc3 17.Bxg4 Qh6 18.Qf3 Bxg4 19.Rxg4 cxb2 20.Bxb2 O-O 21.e6 fxe6 22.Bxg7 Qxg7
23.Rxg7+ Kxg7 24.Qg4+ Kh8 25.Qxe6 Bf6 26.Rf1 c5 27.Rxf6 Rfe8 28.Qc4  1-0

[Event "2nd Open"]
[Site "Rethymno GRE"]
[Date "2010.07.14"]
[Round "2"]
[White "Delabaca,R"]
[Black "Zubarev,Al1"]
[Result "1/2-1/2"]
[WhiteElo "2220"]
[BlackElo "2562"]

1.e4 c5 2.Nf3 e6 3.d4 cxd4 4.Nxd4 a6 5.Nc3 Qc7 6.Bd3 Nc6 7.Nxc6 dxc6 8.O-O Bd6
9.f4 e5 10.f5 Nf6 11.Kh1 b5 12.Bg5 Be7 13.Qf3 Bb7 14.Qg3 h6 15.Be3 Rg8 16.a4 O-O-O
17.Qf3 Rd7 18.Nb1 Rgd8 19.Nd2 c5 20.axb5 axb5 21.b3 Rxd3 22.cxd3 Rxd3 23.Qe2  1/2-1/2

[Event "XII Open"]
[Site "Sant Marti ESP"]
[Date "2010.07.14"]
[Round "2"]
[White "Rios,Al"]
[Black "Gongora Reyes,M"]
[Result "0-1"]
[WhiteElo "2308"]
[BlackElo "2451"]

1.e4 c5 2.Nf3 e6 3.d4 cxd4 4.Nxd4 a6 5.Nc3 b5 6.Bd3 Qb6 7.Nb3 Qc7 8.f4 d6
9.Qe2 Bb7 10.O-O Nd7 11.a4 b4 12.Nd1 Ngf6 13.Nf2 Be7 14.a5 e5 15.fxe5 dxe5
16.Bg5 h6 17.Bxf6 Nxf6 18.Kh1 O-O 19.Ng4 Nxg4 20.Qxg4 Bg5 21.Qe2 Qc6 22.Nd2 Bxd2
23.Qxd2 Qd6 24.Qe2 Kh8 25.b3 f6 26.Rfd1 Rfd8 27.Qe1 Qc5 28.h3 Rd4 29.Qe2 Qc3
30.Kh2 Rad8 31.Rf1 R8d6 32.Rae1 Qc7 33.Ra1 Qd8 34.Rf2 Qc8 35.Qe1 Rc6 36.Re2 Rc3
37.Ra4 Qc6 38.Ra1 Qd6 39.Kg1 Kh7 40.Qf2 Kh8 41.Qe1 Qc6 42.Kh2 Qc7 43.Rf2 Kh7
44.Kg1 Rc5 45.Ra4 Rxd3  0-1

[Event "2nd Open"]
[Site "Rethymno GRE"]
[Date "2010.07.15"]
[Round "4"]
[White "Valenti,G"]
[Black "Rombaldoni,D"]
[Result "0-1"]
[WhiteElo "2169"]
[BlackElo "2493"]

1.e4 c5 2.Nf3 e6 3.d4 cxd4 4.Nxd4 a6 5.Nc3 Qc7 6.g3 Bb4 7.Bd2 Nf6 8.Bg2 Nc6
9.Nxc6 dxc6 10.O-O Be7 11.a4 a5 12.Be3 e5 13.h3 Be6 14.Qe2 Bb4 15.Nb1 Nd7
16.c3 Bc5 17.Nd2 O-O 18.Rfd1 Qb6 19.Nf1 Rfd8 20.Rd2 Bxe3 21.Nxe3 Nc5 22.Rxd8+ Rxd8
23.Nf5 g6 24.Nh6+ Kg7 25.Ng4 f6 26.Kh2 h5 27.Ne3 Qa6 28.c4 Nb3 29.Rd1 Nd4
30.Qf1 Qb6 31.Kh1 Rd7 32.Rd2 Qb4 33.Qd1 Bxc4 34.f4 Bb3 35.Qe1 Rd6 36.Qf2 Qxa4
37.g4 Qa1+ 38.Kh2 Qc1 39.gxh5 Qxd2  0-1

[Event "I Open"]
[Site "Girona ESP"]
[Date "2010.07.16"]
[Round "4"]
[White "Puigvert Vigo,L"]
[Black "Martin Fernandez,S"]
[Result "0-1"]
[WhiteElo "1493"]
[BlackElo "1918"]

1.e4 c5 2.Nf3 e6 3.d4 cxd4 4.Nxd4 a6 5.Nc3 Qc7 6.Bd3 Bb4 7.Bd2 Nf6 8.O-O Nc6
9.Nde2 O-O 10.f4 b5 11.Ng3 Bc5+ 12.Kh1 d6 13.Nh5 Qe7 14.e5 Nxh5 15.Bxh7+ Kxh7
16.Qxh5+ Kg8 17.Rf3 f5 18.Rh3 Ra7 19.Qg6 Qe8 20.Qh7+ Kf7 21.Qh5+ Ke7 22.exd6+ Bxd6
23.Qh4+ Kd7 24.Qf2 Kc7 25.Ne2  0-1

[Event "Open A"]
[Site "Oberwart AUT"]
[Date "2010.07.16"]
[Round "4"]
[White "Mihok,O"]
[Black "Papp,T1"]
[Result "0-1"]
[WhiteElo "2438"]
[BlackElo "2330"]

1.e4 c5 2.Nf3 e6 3.d4 cxd4 4.Nxd4 a6 5.Nc3 Qc7 6.Bd3 Nf6 7.O-O Nc6 8.Nxc6 bxc6
9.Qe2 e5 10.f4 d6 11.b3 Be7 12.Bb2 O-O 13.Na4 Nd7 14.f5 d5 15.c4 Bb7 16.Rac1 Qd6
17.c5 Qf6 18.Rfe1 d4 19.Rc2 Qh6 20.Bc1 Bg5 21.Bxg5 Qxg5 22.Rf1 Nf6 23.Nb6 Ra7
24.Nc4 Ng4 25.Rf3 Qe7 26.h3 Nf6 27.b4 Nh5 28.g3 Bc8 29.Na5 Qc7 30.Rf2 g6
31.Qf3 Bd7 32.Rc1 Raa8 33.Rcf1 Qd8 34.h4 Qe7 35.Bc4 Kh8 36.Kh2 f6 37.Qe2 Qg7
38.Rg1 Qh6 39.Nb7 Rab8 40.Nd6 Kg7 41.Be6 Be8 42.Qxa6 Rxb4 43.Qa7+ Kh8 44.Qe7 Qg7
45.Qd8 Qh6 46.Nxe8 Nxg3 47.Qe7 Nxe4 48.Rf3 Qxh4+ 49.Rh3 Rb2+ 50.Rg2 Qf4+
51.Kh1 Qf1+  0-1

[Event "Open A"]
[Site "Oberwart AUT"]
[Date "2010.07.17"]
[Round "5"]
[White "Newrkla,K"]
[Black "Radnetter,G"]
[Result "0-1"]
[WhiteElo "2105"]
[BlackElo "2295"]

1.e4 c5 2.Nf3 e6 3.d4 cxd4 4.Nxd4 a6 5.Nc3 Qc7 6.Bd3 Nf6 7.f4 b5 8.Qe2 Bb7
9.Bd2 b4 10.Na4 d5 11.e5 Ne4 12.Be3 Nd7 13.O-O Ndc5 14.Nxc5 Bxc5 15.Nb3 Bxe3+
16.Qxe3 Rc8 17.a3 bxa3 18.Rxa3 O-O 19.Nd4 Nc5 20.Be2 Qb6 21.f5 exf5 22.Nxf5 Rce8
23.Rb3 Qc6 24.Rc3 d4 25.Qg3 g6 26.Bf3 Qb6 27.Rxc5 Bxf3 28.Rxf3 Qxc5 29.Nh6+ Kg7
30.Ng4 d3+ 31.Qf2 Qxf2+ 32.Rxf2 dxc2 33.Rxc2 h5 34.Nf6 Rxe5 35.Nd7 Re1+ 36.Kf2 Rfe8
37.Nc5 Ra1 38.Rd2 Rc8 39.b4 a5 40.Nb3 Rb1 41.Nxa5 Rxb4 42.Rd5 Rc2+ 43.Kf3  0-1

[Event "2nd Open"]
[Site "Rethymno GRE"]
[Date "2010.07.17"]
[Round "6"]
[White "Tzouganakis,P"]
[Black "Haugli,P"]
[Result "1/2-1/2"]
[WhiteElo "2095"]
[BlackElo "2301"]

1.e4 c5 2.Nf3 e6 3.Nc3 a6 4.d4 cxd4 5.Nxd4 Qc7 6.Be3 Nf6 7.Bd3 Bb4 8.O-O Nc6
9.Nxc6 dxc6 10.f4 e5 11.f5 Bxc3 12.bxc3 c5 13.c4 b6 14.Qf3 Bb7 15.Rfe1 O-O-O
16.Rab1 h5 17.Rb3 h4 18.Bf2 Rd6 19.Qh3 Kb8 20.Bxh4 Rd4 21.Reb1 Ka7 22.Rxb6 Qxb6
23.Rxb6 Kxb6 24.Qg3 Nxe4 25.Bxe4 Rxe4 26.Be7 Rc8 27.Qxg7 Re2 28.g4 Rg2+ 29.Kf1 Rxh2
30.Qxe5 Rxc2 31.g5 Rxc4 32.g6 fxg6 33.f6 Re4 34.Qg5 Rxe7 35.fxe7 Re8 36.Qxg6+ Bc6
37.Qd6 Rc8 38.Ke2 Kb7 39.Kd3 Bb5+ 40.Kc3 Be8 41.Qd8 Bb5 42.Kb3 Be8 43.a3 c4+
44.Kc3 Bb5 45.Qa5 Be8 46.a4 Bd7 47.Qb4+ Ka7 48.a5 Bb5 49.Qd6 Kb7 50.Qb6+ Ka8
51.Qd8 Kb7 52.Qd6 Ka7 53.Qd8 Kb7 54.e8=Q Bxe8 55.Qb6+ Ka8 56.Qxa6+ Kb8 57.Qb6+ Ka8
58.a6 Rb8  1/2-1/2

[Event "Aegean Open"]
[Site "Agios Kirykos GRE"]
[Date "2010.07.18"]
[Round "6"]
[White "Avramopoulos,P"]
[Black "Doudonis,H"]
[Result "0-1"]
[WhiteElo "1684"]
[BlackElo "2031"]

1.e4 c5 2.Nf3 e6 3.Nc3 a6 4.d4 cxd4 5.Nxd4 Nc6 6.Nxc6 bxc6 7.Bc4 d5 8.exd5 cxd5
9.Bb3 Nf6 10.O-O Be7 11.Re1 O-O 12.Bf4 Bb7 13.Qd4 Rc8 14.Na4 Nd7 15.c3 Bc6
16.Bc2 Bxa4 17.Qxa4 Rc4 18.Bxh7+ Kxh7 19.Qc2+ g6 20.Be3 Bf6 21.Rad1 Kg7 22.Qc1 Rh8
23.f4 Nc5 24.g4 Qc7 25.g5 Bxg5 26.fxg5 Qxh2+ 27.Kf1 Qh1+ 28.Ke2 Qg2+ 29.Bf2 Re4+
30.Kd2 Qxf2+  0-1

[Event "Andorra Open"]
[Site "La Massana AND"]
[Date "2010.07.18"]
[Round "2"]
[White "Edouard,R"]
[Black "Schneider,Ve"]
[Result "1-0"]
[WhiteElo "2620"]
[BlackElo "2292"]

1.e4 c5 2.Nf3 e6 3.d4 cxd4 4.Nxd4 a6 5.Nc3 b5 6.Bd3 d6 7.O-O Nf6 8.a4 b4
9.Na2 e5 10.Ne2 Nc6 11.Ng3 Be7 12.Bd2 Qb6 13.a5 Qb7 14.c3 bxc3 15.Nxc3 Be6
16.b4 O-O 17.Rb1 Nd4 18.Be3 Nb5 19.Nxb5 axb5 20.Qe2 d5 21.Bxb5 Rfb8 22.Ba4 dxe4
23.Bd2 Ba2 24.Rbc1 Rc8 25.b5 Qd5 26.b6 Rc4 27.b7 Rd8 28.Nf5 Bc5 29.Ne3 Bxe3
30.Bxe3 Rxa4 31.Rc8 Rb4 32.Bb6  1-0

[Event "33rd Taminco Open"]
[Site "Ghent BEL"]
[Date "2010.07.19"]
[Round "6"]
[White "Sowray,P"]
[Black "Fedorchuk,S"]
[Result "0-1"]
[WhiteElo "2383"]
[BlackElo "2665"]

1.e4 c5 2.Nf3 e6 3.Nc3 a6 4.d4 cxd4 5.Nxd4 d6 6.g4 b5 7.Bg2 Bb7 8.Be3 Nd7
9.g5 Rc8 10.a4 b4 11.Nce2 Ne7 12.Ng3 d5 13.O-O Ne5 14.Qe2 dxe4 15.Nxe4 Nd5
16.Rad1 Be7 17.Bc1 Qc7 18.f4 Nc6 19.Nb3 Nd8 20.f5 Qxc2 21.Qf3 exf5 22.Qxf5 Qxb3
23.Rxd5 Rxc1 24.Qd7+ Kf8 25.Rd3 Rxf1+ 26.Kxf1 Qc4 27.b3 Qc1+ 28.Ke2 Qc6  0-1

[Event "33rd Taminco Open"]
[Site "Ghent BEL"]
[Date "2010.07.20"]
[Round "8"]
[White "Sowray,P"]
[Black "Draftian,A"]
[Result "1/2-1/2"]
[WhiteElo "2383"]
[BlackElo "2275"]

1.e4 c5 2.Nf3 e6 3.Nc3 a6 4.d4 cxd4 5.Nxd4 Qc7 6.Bd3 Nf6 7.O-O b5 8.a4 b4
9.Na2 Bb7 10.Qe2 Bd6 11.h3 Nc6 12.Nxc6 dxc6 13.Re1 Nd7 14.Bd2 c5 15.c3 a5
16.cxb4 axb4 17.Bb5 O-O 18.Rac1 Nb6 19.b3 Qe7 20.Qe3 Rfc8 21.Nxb4 cxb4 22.Qxb6 Bc5
23.Rxc5 Qxc5 24.Qxc5 Rxc5 25.Bxb4 Rc2 26.a5 Ba6 27.Ba4 Rac8 28.Re3 Re2 29.Rxe2 Bxe2
30.Bd6 Rc1+ 31.Kh2 Ra1 32.Kg3 Bf1 33.Kf4 f6 34.Bc7  1/2-1/2

[Event "2nd Artemis Cup"]
[Site "Leros GRE"]
[Date "2010.07.20"]
[Round "9"]
[White "Seretakis,N"]
[Black "Trygstad,K"]
[Result "1/2-1/2"]
[WhiteElo "2204"]
[BlackElo "2301"]

1.e4 c5 2.d4 cxd4 3.Nf3 e6 4.Nxd4 a6 5.Nc3 Qc7 6.g3 Nc6 7.Bg2 Nf6 8.O-O Bc5
9.Bf4 Ne5 10.Nb3 Ba7 11.Qe2 d6 12.Rad1 h6 13.Kh1 Bd7 14.Bc1 Rc8 15.f4 Nc4
16.Nd4  1/2-1/2

[Event "XIV Battle Of Senta"]
[Site "Senta SRB"]
[Date "2010.07.20"]
[Round "5"]
[White "Tesik,C"]
[Black "Andrijevic,M"]
[Result "0-1"]
[WhiteElo "2249"]
[BlackElo "2375"]

1.e4 c5 2.Nf3 e6 3.d4 cxd4 4.Nxd4 a6 5.Nc3 Qc7 6.Bd3 Nc6 7.Nxc6 bxc6 8.O-O Nf6
9.Qe2 e5 10.f4 Bd6 11.Na4 O-O 12.f5 Be7 13.c4 d5 14.Nc3 d4 15.Nd1 Nd7 16.Nf2 Qd8
17.Bd2 a5 18.Bc2 Nc5 19.Nd3 Nxd3 20.Qxd3 Bg5 21.Bxg5 Qxg5 22.Ba4 Qf6 23.Rf3 c5
24.Raf1 Bb7 25.g3 Rfc8 26.Bb5 a4 27.g4 Bc6 28.Bxc6 Rxc6 29.Rh3 Rb6 30.Rh5 g6
31.fxg6 Qxg6 32.Qf3 f6 33.Rf5 h6 34.h4 Ra7 35.g5 hxg5 36.hxg5 Rh7 37.Rxe5 Rxb2
38.Qxf6 Rh1+  0-1

[Event "Corporation Centre Cup"]
[Site "Izhevsk RUS"]
[Date "2010.07.21"]
[Round "7"]
[White "Gabaidulina,Olga"]
[Black "Sadykov,Ra"]
[Result "1/2-1/2"]
[WhiteElo "1885"]
[BlackElo "2255"]

1.e4 c5 2.Nf3 e6 3.d4 cxd4 4.Nxd4 a6 5.Nc3 b5 6.Be3 Bb7 7.Bd3 d6 8.O-O Nf6
9.a3 Nbd7 10.f3 Be7 11.Qe2 Qc7 12.Kh1 O-O 13.f4 Nc5 14.Bg1 Nfd7 15.Qd2 Bf6
16.b4 Nxd3 17.cxd3 Bxd4 18.Bxd4 f5 19.Rac1 Qd8 20.Qe2 e5 21.Be3 Qh4 22.fxe5 Nxe5
23.exf5 Ng4 24.Bf4 Rae8 25.Qa2+ Kh8 26.Bg3 Qh5 27.Ne4 Ne3 28.Rf4 Nxf5 29.Kg1 Nd4
30.Rxf8+ Rxf8 31.Rf1 Rxf1+ 32.Kxf1 Qd1+ 33.Kf2 Nc2 34.Qf7 Qe1+ 35.Kf3 Qe3+
36.Kg4 Bc8+ 37.Kh4 Qh6+ 38.Qh5 Qxh5+ 39.Kxh5 d5 40.Nc3 Bb7 41.Ne2 Kg8 42.Kg5 d4
43.Be5 Bxg2 44.Nxd4 Nxa3 45.Ne6 Nc2 46.Bg3 g6 47.Kf4 Kf7 48.Nc5 Ke7  1/2-1/2

[Event "Andorra Open"]
[Site "La Massana AND"]
[Date "2010.07.21"]
[Round "5"]
[White "Philippe,C"]
[Black "Garcia,Rau"]
[Result "1-0"]
[WhiteElo "2431"]
[BlackElo "2240"]

1.e4 c5 2.Nf3 e6 3.d4 cxd4 4.Nxd4 a6 5.Nc3 Qc7 6.Bd3 Nc6 7.Nxc6 dxc6 8.f4 e5
9.Qf3 Nf6 10.f5 b5 11.g4 h6 12.h4 Bb7 13.g5 hxg5 14.hxg5 Rxh1+ 15.Qxh1 Nd7
16.Be3 O-O-O 17.O-O-O Nb6 18.Be2 c5 19.Rxd8+ Qxd8 20.Qh5 Qe8 21.Qh8 Kd8 22.a3 Bc6
23.Qg8 g6 24.fxg6 fxg6 25.Qh7 Nd7 26.Bg4 Be7 27.Nd5 Bxd5 28.exd5 Kc7 29.Qg7 Qf8
30.Qxg6 Qf1+ 31.Bd1 Bd6 32.Qh7 Qg2 33.g6 Qe4 34.Bd2 Qf5 35.Qh6 Nf6 36.g7 Ng8
37.Ba5+ Kd7 38.Qh8 Qf7 39.Qh3+ Ke7 40.Bh5 Qf6 41.Bd2 Kd8 42.Qe6  1-0

[Event "XIV Battle Of Senta"]
[Site "Senta SRB"]
[Date "2010.07.21"]
[Round "6"]
[White "Domany,Z"]
[Black "Nestorovic,De"]
[Result "0-1"]
[WhiteElo "2175"]
[BlackElo "2423"]

1.e4 c5 2.Nf3 e6 3.d4 cxd4 4.Nxd4 a6 5.Nc3 b5 6.g3 Bb7 7.Bg2 Nf6 8.Qd3 b4
9.Na4 Nc6 10.b3 Be7 11.Bb2 O-O 12.O-O d6 13.c4 Qc7 14.Qe2 Nd7 15.Rad1 Nxd4
16.Bxd4 e5 17.Be3 Bc6 18.Nb2 Qb7 19.f3 a5 20.Nd3 Qb8 21.Bh3 Rd8 22.Qd2 h6
23.Bf5 Bf8 24.Rf2 Qc7 25.Qc1 Nc5 26.Qd2 g6 27.Bh3 Qe7 28.Qe2 Ne6 29.Bg2 Bg7
30.f4 exf4 31.Nxf4 Nc5 32.Nd5 Bxd5 33.exd5 Re8 34.Re1 Bc3 35.Bd2 Qxe2 36.Rfxe2 Rxe2
37.Rxe2 Bxd2 38.Rxd2 f5 39.Bf3 Kf7 40.Kf2 Re8 41.h3 Kf6 42.Rd1 g5 43.g4 f4
44.Rd2 Re3 45.Bg2 Ke5 46.Kf1 f3 47.Bh1 Kf4 48.Rf2 Nd3  0-1

[Event "Sparkassen Open A"]
[Site "Dortmund GER"]
[Date "2010.07.22"]
[Round "6"]
[White "Kartsev,So"]
[Black "Virnyi,J"]
[Result "1/2-1/2"]
[WhiteElo "2202"]
[BlackElo "2099"]

1.e4 c5 2.Nf3 e6 3.d4 cxd4 4.Nxd4 a6 5.Nc3 Qc7 6.Be2 b5 7.O-O Bb7 8.Be3 Nf6
9.Bf3 d6 10.e5 dxe5 11.Ndxb5 axb5 12.Nxb5 Qc8 13.Bb6 Na6 14.a4 e4 15.Be2 Nd5
16.a5 Be7 17.Na7 Rxa7 18.Bxa7 O-O 19.c3 Nf4 20.Be3 Rd8 21.Qc2 Nb4 22.Qa4 Nxe2+
23.Kh1 Nd3 24.a6 Bc6 25.Qa5 f5 26.a7 Qa8 27.Qa2 Kf7 28.c4 Bf6 29.b4 Bxa1
30.Rxa1 Nef4 31.b5 Bd7 32.Qa5 Rc8 33.c5 Nd5 34.c6 Bxc6 35.bxc6 Rxc6 36.g3 Nxe3
37.fxe3 Rc8 38.Qa6 Re8 39.Qb6 Nf2+ 40.Kg2 Nd3 41.Qc7+ Re7 42.Qb8 Re8 43.Qc7+ Re7
44.Qb8 Re8 45.Qc7+ Re7  1/2-1/2

[Event "Corporation Centre Cup"]
[Site "Izhevsk RUS"]
[Date "2010.07.22"]
[Round "8"]
[White "Sadykov,Ra"]
[Black "Shurunov,Ar"]
[Result "0-1"]
[WhiteElo "2255"]
[BlackElo "2149"]

1.e4 c5 2.Nf3 e6 3.d4 cxd4 4.Nxd4 a6 5.Nc3 Qc7 6.g3 Bb4 7.Ne2 Nf6 8.Bg2 Be7
9.O-O O-O 10.Nd4 Nc6 11.Nb3 d6 12.f4 b5 13.Be3 Bb7 14.g4 Nd7 15.g5 Rfe8 16.Qh5 b4
17.Ne2 Na5 18.Nxa5 Qxa5 19.Nd4 g6 20.Qg4 Bf8 21.a3 Bg7 22.Qd1 Nc5 23.Qe1 Nxe4
24.axb4 Qc7 25.Qh4 Nd2 26.Rfe1 Nc4 27.Bf2 Bxg2 28.Kxg2 Qb7+ 29.Kg1 Qxb4 30.Qg3 Nxb2
31.Qb3 Qxb3 32.Nxb3 Rec8 33.Rec1 Nc4 34.Ra4 a5 35.Kg2 Nb2 36.Ra2 a4 37.Nd4 Nd3
38.Rd1 Nxf2 39.Kxf2 Rc4 40.Ke3 d5 41.Ne2 h6 42.h4 Rac8 43.Rd2 hxg5 44.hxg5 f6
45.gxf6 Bxf6 46.Rd3 g5 47.fxg5 Bxg5+ 48.Kf2 Kf7 49.Rda3 Rxc2 50.Rf3+ Kg6
51.Rxa4 Rh8  0-1

[Event "Andorra Open"]
[Site "La Massana AND"]
[Date "2010.07.22"]
[Round "6"]
[White "Kogan,Ar"]
[Black "Panelo,M"]
[Result "1-0"]
[WhiteElo "2541"]
[BlackElo "2450"]

1.e4 c5 2.Nc3 e6 3.Nf3 a6 4.d4 cxd4 5.Nxd4 d6 6.f4 Nf6 7.Bd3 Qc7 8.Qe2 Nbd7
9.Bd2 b5 10.O-O-O Bb7 11.Rde1 b4 12.Nd1 Nc5 13.Nf2 d5 14.e5 Nfe4 15.Kb1 Be7
16.Nb3 O-O 17.Nxc5 Nxc5 18.g4 Bh4 19.Rc1 Na4 20.Ka1 Rfc8 21.g5 Bxf2 22.Qxf2 d4
23.Rhg1 Qc5 24.f5 exf5 25.Bxf5 Re8 26.e6 Rxe6 27.Bxe6 fxe6 28.g6 hxg6 29.Rxg6 Be4
30.Rg5 Bf5 31.Rxg7+ Kxg7 32.Qg2+ Kf7 33.Qb7+ Kf6 34.Qxa8 Bxc2 35.Qd8+ Kf7
36.Qd7+ Kf6 37.Rf1+  1-0